El Tabac i la salut : conseqüències del tabac conseqüències del tabac
Descripción Física:
13 p. ; 21 cm
Colección:
Salut pública (Barcelona (Catalunya : Província). Diputació)
; 7
Materias:
Tabac -- Efectes fisiològics
Idioma:
Catalán
MARC
| LEADER | 00000nam a2200000Ia 4500 | ||
|---|---|---|---|
| 001 | 10775 | ||
| 008 | 160829s1994 spc xx s cat c | ||
| 040 | |a AGDB | ||
| 080 | |a FU-12-3 | ||
| 245 | 0 | 3 | |a El Tabac i la salut : |b conseqüències del tabac |
| 260 | |a Barcelona : |b Diputació de Barcelona, |c 1994 | ||
| 300 | |a 13 p. ; |c 21 cm | ||
| 490 | 1 | |a Salut pública ; |v 7 | |
| 650 | |a Tabac |x Efectes fisiològics |9 31502 | ||
| 710 | 1 | |a Barcelona (Catalunya : Província). |b Diputació |9 52408 | |
| 830 | 0 | |a Salut pública (Barcelona (Catalunya : Província). Diputació) |v 7 |9 56037 | |
| 901 | |a Arxiu | ||
| 942 | |n 1 |2 udc | ||
| 952 | |0 0 |1 0 |4 0 |6 FU123 |7 1 |9 41902 |a Arxiu |b Arxiu |d 2016-12-01 |l 0 |o FU-12-3 |p 10775 |r 2016-12-01 00:00:00 |w 2016-12-01 |y ARXIU | ||
| 999 | |c 44349 |d 44349 | ||